000 01112nam a22003377a 4500
003 CHAP
005 20220329134803.0
008 971013s1975 r 00010 d
010 _a25902
011 _a26874
035 _a30975
040 _cCHAP
090 _aFolleto 6233
110 _aInternational Cooper Development Council
_959676
245 _aCooper in agriculture
260 _aGéneve :
_bInternational Cooper Development Council,
_c1975
300 _a31 p
590 _aBATCH-UPD
_b10
_c20130109
_lUCH01
_h2335
590 _aBATCH-UPD
_b10
_c20130110
_lUCH01
_h1708
590 _aBATCH-UPD
_b10
_c20130409
_lUCH01
_h1903
590 _aBATCH-UPD
_b10
_c20130410
_lUCH01
_h1054
590 _aBATCH-UPD
_b10
_c20130914
_lUCH01
_h0953
590 _aCONVERSION
_b10
_c20130109
_lUCH01
_h1315
650 1 4 _aCobre como insecticida.
_924188
650 1 4 _aCobre en nutrición animal.
_924191
650 1 4 _aCobre en nutrición vegetal.
_924192
901 _aBK
942 _cFOLL
949 _aFolleto 6233
_bBC
_cFOLL
_d-71790
_eTS1
_i30975
_mD
_si
949 _aFolleto 6233
_bBC
_cFOLL
_d-71791
_eTS2
_fc.2
_i30975
_mD
_si
999 _c25902
_d25902